Sports Quiz

Random Sports Quiz
Score 0/50 Timer 10:00
0 Plays Today
Year Player % Correct
2002-03Jason Kidd
97.7%
1981-82Ray Williams
95.5%
1982-83Buck Williams
95.5%
1987-88Buck Williams
95.5%
2009-10Brook Lopez
88.6%
2010-11Brook Lopez
88.6%
2012-13Brook Lopez
88.6%
2014-15Brook Lopez
88.6%
2015-16Brook Lopez
88.6%
2016-17Brook Lopez
88.6%
2003-04Richard Jefferson
86.4%
2007-08Richard Jefferson
86.4%
1972-73George Carter
84.1%
2005-06Vince Carter
84.1%
2006-07Vince Carter
84.1%
2008-09Vince Carter
84.1%
2013-14Joe Johnson
84.1%
2001-02Kenyon Martin
79.5%
1973-74Julius Erving
72.7%
1974-75Julius Erving
72.7%
1975-76Julius Erving
72.7%
1993-94Derrick Coleman
70.5%
1991-92Drazen Petrovic
68.2%
1992-93Drazen Petrovic
68.2%
1977-78Bernard King
65.9%
Year Player % Correct
1998-99Kerry Kittles
63.6%
1999-00Stephon Marbury
54.5%
1994-95Kenny Anderson
50%
1967-68Tony Jackson
40.9%
1984-85Michael Ray Richardson
36.4%
1996-97Kendall Gill
31.8%
1971-72Rick Barry
29.5%
1983-84Darryl Dawkins
22.7%
1997-98Sam Cassell
22.7%
1978-79John Williamson
20.5%
1990-91Reggie Theus
20.5%
1985-86Mike Gminski
18.2%
2011-12Kris Humphries
18.2%
1970-71Bill Melchionni
15.9%
1986-87Orlando Woolridge
15.9%
2004-05Nenad Krstic
15.9%
1995-96Armen Gilliam
13.6%
1979-80Mike Newlin
11.4%
1980-81Mike Newlin
11.4%
1989-90Dennis Hopson
11.4%
1988-89Roy Hinson
6.8%
1969-70Levern Tart
4.5%
1976-77Al Skinner
4.5%
1968-69Walter Simon
2.3%
2000-01Johnny Newman
2.3%
Remove Ads.
Support Sporcle.
Get the best of Sporcle when you Go Orange. This ad-free experience offers more features, more stats, and more fun while also helping to support Sporcle. Thank you for becoming a member.

You're not logged in!

Compare scores with friends on all Sporcle quizzes.
OR
Log In

Sporcle TV

Today on Sporcle TV


Watch our educational content, quiz creation guides, and fun videos on Sporcle TV.

Show Comments

Extras

Top Quizzes Today


Score Distribution

Paid Content

Your Account Isn't Verified!

In order to create a playlist on Sporcle, you need to verify the email address you used during registration. Go to your Sporcle Settings to finish the process.

Report this User

Report this user for behavior that violates our Community Guidelines.

Details: